000 00526nam a22001577a 4500
003 NUST
082 _a200
100 _aAkram, Muhammad Junaid
_915303
245 _aSafe Autonomous Driving in Rainy Weather Conditions using Deep Learning/
_cMuhammad Junaid Akram,
264 _aIslamabad :
_bSSECS, NUST,
_c2023.
300 _a71 p. ;
_c30 cm.
650 _aMS-Computer Science
_926780
700 _aSupervisor: Dr. Sajjad Hussain
_996913
856 _uhttp://10.250.8.41:8080/xmlui/handle/123456789/33971
942 _2ddc
_cSC
999 _c595701
_d595701